[Event "Zhukovsky-A 02"]
[Site "Zhukovsky"]
[Date "2011.02.09"]
[Round "8"]
[White "Cherenkov, Igor"]
[Black "Batalov, Vadim"]
[Result "0-1"]
[WhiteElo "1953"]
[BlackElo "2088"]
[PlyCount "116"]
[EventDate "2011.02.09"]
[EventType "swiss"]
[EventRounds "9"]
[EventCountry "RUS"]
[SourceTitle "EXT 2022"]
[Source "ChessBase"]
[SourceDate "2021.10.06"]
[SourceVersion "1"]
[SourceVersionDate "2021.10.06"]
[SourceQuality "1"]

1. e4 c5 2. Nf3 Nc6 3. d4 cxd4 4. Nxd4 e6 5. Be3 Nf6 6. Nxc6 bxc6 7. Bd3 Be7 8. 0-0 d5 9. exd5 cxd5 10. f4 Bd7 11. c4 Qc7 12. Nd2 Bc5 13. Qf3 Qb6 14. Bxc5 Qxc5+ 15. Kh1 Bc6 16. cxd5 Bxd5 17. Qe2 0-0 18. Rac1 Qb6 19. Nc4 Qb7 20. Rc3 Rad8 21. Rfc1 g6 22. a3 Nh5 23. Qf2 Qe7 24. Ne5 Qf6 25. Rf1 Qe7 26. Be2 Nf6 27. Bf3 Bxf3 28. Rxf3 Qb7 29. Rc3 Ne4 30. Qf3 Qxb2 31. Rb3 Qc2 32. Rb4 Nd2 33. Qe2 Qc3 34. Rd1 Nb3 35. Nd7 Rfe8 36. Qd3 Qxd3 37. Rxd3 Nc1 38. Rd1 Kg7 39. Rxc1 Rxd7 40. Rcb1 Red8 41. h3 Rd1+ 42. Rxd1 Rxd1+ 43. Kh2 a5 44. Rb5 Rd5 45. a4 h5 46. Kg3 Kf6 47. Rb3 Rd4 48. Kf3 Rxa4 49. g4 hxg4+ 50. hxg4 Rb4 51. Rc3 a4 52. g5+ Kg7 53. Rc7 Rb1 54. Ra7 Ra1 55. Ke2 a3 56. Kf2 a2 57. Kg2 Kf8 58. Kh2 Ke8 0-1

[Event "Zhukovsky op 05"]
[Site "Zhukovsky"]
[Date "2011.??.??"]
[Round "2"]
[White "Cherenkov, Igor"]
[Black "Borzov, Roman"]
[Result "0-1"]
[WhiteElo "1923"]
[BlackElo "1985"]
[PlyCount "122"]
[EventDate "2011.05.15"]
[EventType "swiss"]
[EventRounds "9"]
[EventCountry "RUS"]
[SourceTitle "EXT 2012"]
[Source "ChessBase"]
[SourceDate "2011.11.24"]
[SourceVersion "1"]
[SourceVersionDate "2011.11.24"]
[SourceQuality "1"]

1. e4 c5 2. Nf3 d6 3. d4 cxd4 4. Nxd4 Nf6 5. Nc3 a6 6. Be2 e5 7. Nb3 Be6 8. 0-0 Be7 9. Kh1 Nbd7 10. f4 exf4 11. Bxf4 Ne5 12. Nd4 Bd7 13. Bg5 0-0 14. Nf5 Bxf5 15. Rxf5 g6 16. Rf1 Rc8 17. Qd4 Nc6 18. Qd2 b5 19. a3 Ne5 20. h4 Rxc3 21. Qxc3 Nxe4 22. Bxe7 Qxe7 23. Qh3 Qa7 24. Kh2 h5 25. Rf4 d5 26. Raf1 Qc7 27. Qb3 Nd2 28. Qg3 Nxf1+ 29. Rxf1 Kh7 30. Kh1 Qe7 31. Re1 f6 32. Bd3 Qf7 33. Qe3 Rc8 34. Rf1 Ng4 35. Qg3 Qc7 36. Qxc7+ Rxc7 37. Kg1 Kg7 38. Re1 Ne5 39. Re2 Kf7 40. Kf2 Re7 41. Rd2 Ke6 42. Be2 Nc4 43. Bxc4 bxc4 44. c3 Kd6 45. g3 Re4 46. Kg2 Ke5 47. Kf2 f5 48. Rd1 f4 49. Rd2 fxg3+ 50. Kxg3 Re3+ 51. Kg2 Re4 52. Kg3 Rg4+ 53. Kh3 d4 54. cxd4+ Rxd4 55. Rg2 Rd3+ 56. Kh2 Kf4 57. Rc2 Rd4 58. Kh3 Ke3 59. b3 cxb3 60. Rc3+ Kd2 61. Rxb3 Rd3+ 0-1

[Event "Zhukovsky op 05"]
[Site "Zhukovsky"]
[Date "2011.??.??"]
[Round "5"]
[White "Ibragimov, Ali"]
[Black "Cherenkov, Igor"]
[Result "0-1"]
[WhiteElo "2091"]
[BlackElo "1923"]
[PlyCount "116"]
[EventDate "2011.05.15"]
[EventType "swiss"]
[EventRounds "9"]
[EventCountry "RUS"]
[SourceTitle "EXT 2012"]
[Source "ChessBase"]
[SourceDate "2011.11.24"]
[SourceVersion "1"]
[SourceVersionDate "2011.11.24"]
[SourceQuality "1"]

1. d4 d5 2. Nf3 Nf6 3. Bg5 Ne4 4. Bf4 Bf5 5. e3 e6 6. Nbd2 Bd6 7. Bxd6 Qxd6 8. Bd3 Qe7 9. Qe2 Nd7 10. Bb5 c6 11. Ba4 0-0 12. 0-0 b5 13. Bb3 Nb6 14. Ne5 Qd6 15. f4 Nxd2 16. Qxd2 Be4 17. Qf2 Nc4 18. Bxc4 bxc4 19. b3 f6 20. Nf3 cxb3 21. axb3 c5 22. Ra5 cxd4 23. Nxd4 e5 24. Nb5 Qc5 25. Rfa1 a6 26. c4 dxc4 27. Nc3 Qc6 28. Nxe4 Qxe4 29. R5a4 Rfc8 30. bxc4 Rxc4 31. Qa2 Rac8 32. fxe5 fxe5 33. Rf1 h6 34. Rxa6 Qxe3+ 35. Kh1 Kh7 36. Ra7 Rf4 37. Qb1+ e4 38. Ra1 Rcf8 39. Re1 Qd4 40. h3 Re8 41. Qb5 Qe5 42. Qxe5 Rxe5 43. Ra4 Kg6 44. g3 Rf3 45. Rexe4 Rxe4 46. Rxe4 Rxg3 47. Kh2 Rg5 48. Ra4 Kh5 49. Rb4 Rc5 50. Ra4 Rc2+ 51. Kg3 Rc3+ 52. Kg2 g5 53. Rb4 Rc2+ 54. Kg3 Ra2 55. Rc4 Ra6 56. Rb4 Kg6 57. h4 Ra3+ 58. Kg4 h5# 0-1